Karl Barth, (Record no. 3184)

MARC details
000 -LEADER
fixed length control field 00743cam a2200253 4500
001 - CONTROL NUMBER
control field 3128134
003 - CONTROL NUMBER IDENTIFIER
control field GBCCL
005 - DATE AND TIME OF LATEST TRANSACTION
control field 20241126110449.0
008 - FIXED-LENGTH DATA ELEMENTS--GENERAL INFORMATION
fixed length control field 720802s1972 txu b 000 0beng
010 ## -
-- 70188066
040 ## - CATALOGING SOURCE
Original cataloging agency DLC
Transcribing agency DLC
Modifying agency DLC
050 00 -
-- BX4827.B3
-- M8
082 00 - DEWEY DECIMAL CLASSIFICATION NUMBER
Classification number 230.4092
-- B
Item number MUE
100 1# - MAIN ENTRY--PERSONAL NAME
Personal name Mueller, David L.
Fuller form of name (David Livingstone),
Dates associated with a name 1929-
9 (RLIN) 6578
245 00 - TITLE STATEMENT
Title Karl Barth,
Statement of responsibility, etc. by David L. Mueller.
260 ## - PUBLICATION, DISTRIBUTION, ETC.
Place of publication, distribution, etc. Waco, Tex.,
Name of publisher, distributor, etc. Word Books
Date of publication, distribution, etc. [1972]
300 ## - PHYSICAL DESCRIPTION
Extent 172 p.
Dimensions 23 cm.
350 ## - PRICE (NR) (BK AM CF MU VM SE) [OBSOLETE]
Price $4.95
490 0# - SERIES STATEMENT
Series statement Makers of the modern theological mind
504 ## - BIBLIOGRAPHY, ETC. NOTE
Bibliography, etc. note Bibliography: p. 169-172.
600 10 - SUBJECT ADDED ENTRY--PERSONAL NAME
Personal name Barth, Karl,
Dates associated with a name 1886-1968.
9 (RLIN) 2654
906 ## - LOCAL DATA ELEMENT F, LDF (RLIN)
a 7
b cbc
c orignew
d 2
e ncip
f 19
g y-gencatlg
942 ## - ADDED ENTRY ELEMENTS (KOHA)
Source of classification or shelving scheme Dewey Decimal Classification
Koha item type Books
Koha issues (borrowed), all copies 10
Holdings
Withdrawn status Lost status Source of classification or shelving scheme Damaged status Not for loan Home library Current Library Shelving location Date acquired Total checkouts Total renewals Full call number Barcode Date last seen Date last checked out Copy number Price effective from Koha item type
    Dewey Decimal Classification     GRACE BIBLE COLLEGE GRACE BIBLE COLLEGE Theology 2017-11-14 13 2 230.4092 MUE 003289 2025-08-19 2025-08-18 c.1 2017-11-14 Books
© Grace Bible College Library 2025